000 01096cam a2200289 a 4500
001 32305
003 BD-RjUL
005 20211209051820.0
008 140424s1954 enkar r 0 1 0eng
035 _a(OCoLC)14104606
_a(BD-RjUL)32394
040 _aDLC
_cDLC
_dBD-RjUL
_beng
041 _aeng
082 0 0 _aR 376.941
_219
_bGIR 1954
245 0 0 _aThe Girls' school yearbook :
_bpublic schools : the official book of reference of the Association of Head Mistresses /
260 _aLondon :
_bA & C Black,
_c1954.
300 _alxiv, 643 p. :
_bill. ;
_c22 cm.
504 _aIncludes index.
650 0 _aWomen
_xEducation
_zGreat Britain
_vDirectories.
_997367
650 0 _aEndowed public schools (Great Britain)
_vDirectories.
_995167
650 0 _aPreparatory schools
_zGreat Britain
_vDirectories.
_997368
650 0 _aUniversities and colleges
_zGreat Britain
_vDirectories.
_929942
650 0 _aWomen
_xEmployment
_zGreat Britain
_vDirectories.
_997369
710 2 _aThe Association of Head Mistresses. (Great Britain)
_997370
942 _2ddc
_cBK
999 _c32305
_d32305